Statistics for Counties of U.S. Cities #3

Click here to take the quiz!

General Stats

  • This quiz has been taken 13 times
  • The average score is 10 of 16

Answer Stats

HintAnswer% Correct
FresnoFresno
85%
ChicagoCook
77%
DallasDallas
77%
BakersfieldKern
77%
SeattleKing
77%
DetroitWayne
77%
OrlandoOrange
69%
ClevelandCuyahoga
62%
PittsburghAllegheny
54%
NashvilleDavidson
54%
JacksonvilleDuval
54%
PhiladelphiaPhiladelphia
54%
Colorado SpringsEl Paso
46%
IndianapolisMarion
38%
BostonSuffolk
38%
OmahaDouglas
31%

Score Distribution

Percentile by Number Answered

Percent of People with Each Score

Your Score History

You have not taken this quiz